Fujin mondai jiten /

Saved in:
Bibliographic Details
Corporate Author: Rōdōsha Kyōiku Kyōkai (Japan). Fujin Mondai Jiten Kankō Iinkai.
Format: Book
Language:Japanese
Published: Tōkyō : Gakushū no Tomo Sha, 1980.
Subjects:
Tags: Add Tag
No Tags, Be the first to tag this record!
LEADER 01019nam a2200265 a 4500
001 007732844-2
005 20024617115958.0
008 900509s1980 ja bd 001 0 jpn
010 |a 80813698 
015 |a Ja80-28620 
035 0 |a ocm21501946 
040 |a DLC  |c CU-S  |d *YNH*  |d CStRLIN 
050 0 |a HQ115  |b .F83 
245 0 0 |6 880-01  |a Fujin mondai jiten /  |c Fujin Mondai Jiten Kankō Iinkai hen. 
260 |6 880-02  |a Tōkyō :  |b Gakushū no Tomo Sha,  |c 1980. 
300 |a p. a-l, 313 p. ;  |c 17 cm. 
504 |a Includes bibliographical references. 
650 0 |a Feminism  |x Dictionaries  |x Japanese. 
650 0 |a Women  |z Japan  |x Social conditions  |x Dictionaries  |x Japanese. 
710 2 |6 880-03  |a Rōdōsha Kyōiku Kyōkai (Japan).  |b Fujin Mondai Jiten Kankō Iinkai. 
880 0 0 |6 245-01  |a 婦人問題辞典 /  |c 婦人問題辞典刋行委員会編. 
880 |6 260-02  |a 東京 :  |b 学習の友社,  |c 1980. 
880 2 |6 710-03  |a 労働者敎育協会 (Japan).  |b 婦人問題辞典刋行委員会. 
988 |a 20021214 
906 |0 DLC